000 00377nam a22001217a 4500
008 181008b xxu||||| |||| 00| 0 eng d
041 _aeng
080 _a030
100 _a23
101 _aENC
245 _aThomas Aquinas, Luaretius, Locke, Aristotle, Kant, Augustine, Platinus, Plato, Aristotle, Thomas Aquinas, Hegel and Descartes
_cBritannica Great Books
942 _2udc
_cBK
999 _c49065
_d49065